[Event "39th Badalona Open A"]
[Site "Badalona ESP"]
[Date "2013.08.04"]
[Round "3.2"]
[White "Valdes,Le"]
[Black "Dvirnyy,D"]
[Result "1/2-1/2"]
[WhiteElo "2440"]
[BlackElo "2549"]

1.Nf3 d5 2.c4 c6 3.g3 Bg4 4.Bg2 e6 5.cxd5 exd5 6.O-O Nf6 7.d3 Be7 8.Nc3 O-O
9.h3 Bxf3 10.Bxf3 d4 11.Ne4 Nxe4 12.Bxe4 Nd7 13.Bg2 Re8 14.Bd2 a5 15.Rb1 Bb4
16.Re1 Qb6 17.Rc1 Re7 18.a3 Bxd2 19.Qxd2 Re5 20.b4 Rb5 21.bxa5 Rbxa5 22.Rb1 Rb5
23.Rxb5 Qxb5 24.Qf4 Qb6 25.Qd6 Nf8 26.Bf3 Ne6 27.Kg2 g6 28.h4 Ra5 29.h5 gxh5
30.Rh1 Qc7 31.Qb4 Rb5 32.Qd2 Qa5 33.Qh6 Qxa3 34.Bxh5 Qf8 35.Qd2 Rg5 36.Rh4 Qd6
37.Kh2 h6 38.Bg4 Ng7 39.Qa2 h5 40.Bh3 Nf5 41.Rf4 Qe5 42.Qa8+ Kg7 43.Qd8 Nd6
44.Rxd4 Qxd4 45.Qxg5+ Kf8 46.Qd8+ Kg7 47.Qg5+ Kf8  1/2-1/2

[Event "Politiken Cup 2013"]
[Site "Helsingor DEN"]
[Date "2013.08.04"]
[Round "10.92"]
[White "Lofgren,C"]
[Black "Sjol,H"]
[Result "1-0"]
[WhiteElo "2127"]
[BlackElo "1871"]

1.Nf3 d5 2.c4 dxc4 3.Na3 Nf6 4.Nxc4 c5 5.g3 Nc6 6.Bg2 g6 7.O-O Bg7 8.d3 O-O
9.Bd2 Nd5 10.Rc1 b6 11.a3 Bb7 12.Qe1 Rc8 13.b4 Nd4 14.Qd1 Nxf3+ 15.Bxf3 Qd7
16.Qb3 e6 17.b5 Ne7 18.Bxb7 Qxb7 19.Nd6 Qd7 20.Nxc8 Rxc8 21.Bc3 Bh6 22.Rcd1 Nd5
23.Ba1 Re8 24.d4 cxd4 25.Rxd4 Bg7 26.Rd3 Qb7 27.Bxg7 Kxg7 28.Rfd1 Qc7 29.Qb2+ Kg8
30.e4 Ne7 31.Rd7  1-0

[Event "XX Feria de las Flores 2013"]
[Site "Medellin COL"]
[Date "2013.08.04"]
[Round "3.1"]
[White "Cordova,E"]
[Black "Castano,H"]
[Result "1-0"]
[WhiteElo "2580"]
[BlackElo "2299"]

1.Nf3 d5 2.c4 c6 3.b3 Nf6 4.Bb2 Bg4 5.g3 Bxf3 6.exf3 d4 7.Bg2 c5 8.O-O Nc6
9.f4 e6 10.Re1 Be7 11.d3 O-O 12.Nd2 Qc7 13.Nf3 Nd7 14.Bc1 Bd6 15.a3 a5 16.h4 Rab8
17.Ng5 Rfe8 18.Qf3 Nf8 19.Ra2 f5 20.Rae2 Nd8 21.g4 h6 22.Nh3 Qf7 23.gxf5 Qxf5
24.Qg3 Re7 25.Be4 Qh5 26.f3 b5 27.Nf2 bxc4 28.bxc4 Kh8 29.Qg4 Qf7 30.h5 Qf6
31.Bg6 Nxg6 32.Ne4 Qf5 33.hxg6 Qxg4+ 34.fxg4 Rd7 35.Nxd6 Rxd6 36.f5 Rbb6  1-0

[Event "XX Feria de las Flores 2013"]
[Site "Medellin COL"]
[Date "2013.08.05"]
[Round "4.11"]
[White "Castaneda,J"]
[Black "Herrera,Jua"]
[Result "1-0"]
[WhiteElo "2164"]
[BlackElo "2244"]

1.Nf3 d5 2.c4 c6 3.b3 e6 4.Bb2 Nf6 5.g3 Nbd7 6.Bg2 Bd6 7.O-O e5 8.d3 O-O
9.cxd5 cxd5 10.Nc3 a6 11.Nh4 Nb6 12.e4 Bg4 13.Bf3 Be6 14.d4 Re8 15.Nxd5 Bxd5
16.exd5 e4 17.Bg2 Nbxd5 18.Nf5 Bf8 19.Qd2 Rc8 20.Rac1 Rxc1 21.Rxc1 g6 22.Nh6+ Kg7
23.Qg5 Qd7 24.h3 e3 25.fxe3 Rxe3 26.Rf1 Re2 27.Bc1 Rxg2+ 28.Kxg2 Qc6 29.Kh2 Qc2+
30.Qd2 Qe4 31.Qf2 Qe6 32.Re1 Qd7 33.Qf3 Bd6 34.Bg5 Nh5 35.Re7 Qxe7 36.Bxe7 Nxe7
37.Nxf7 Bxg3+  1-0

[Event "XI Miguel Najdorf Open A 2013"]
[Site "Warsaw POL"]
[Date "2013.08.05"]
[Round "1.17"]
[White "Adamski,J"]
[Black "Kubeczko,Grzegorz"]
[Result "1-0"]
[WhiteElo "2307"]
[BlackElo "2024"]

1.Nf3 d5 2.c4 c6 3.e3 Nf6 4.Nc3 a6 5.d4 b5 6.b3 Bg4 7.Be2 e6 8.h3 Bb4 9.Bd2 Bh5
10.O-O O-O 11.a4 bxc4 12.bxc4 Nbd7 13.Nxd5 Nxd5 14.cxd5 Bxd2 15.dxc6 Ba5
16.cxd7 f6 17.Nd2 Bg6 18.Nb3 Bc3 19.Nc5 Bxa1 20.Nxe6 Qe7 21.Nxf8 Bc3 22.Nxg6 hxg6
23.Qb3+  1-0

[Event "Chinese Teams 2013"]
[Site "Wuxi CHN"]
[Date "2013.08.05"]
[Round "10.4"]
[White "Yang Kaiqi"]
[Black "Yu Yangyi"]
[Result "0-1"]
[WhiteElo "2341"]
[BlackElo "2662"]

1.Nf3 d5 2.c4 d4 3.g3 Nc6 4.Bg2 e5 5.d3 Bg4 6.a3 a5 7.h3 Be6 8.Qa4 f6 9.Nbd2 Nh6
10.Ne4 Nf7 11.g4 Be7 12.Nh4 g6 13.Nc5 Bxc5 14.Bxc6+ Bd7 15.Bxd7+ Qxd7 16.Qxd7+ Kxd7
17.b3 Rhb8 18.a4 c6 19.Kd1 b5 20.Kc2 bxc4 21.bxc4 Nd6 22.Nf3 Ke6 23.Nd2 Bb4
24.Ba3 Bxa3 25.Rxa3 Rb4 26.Rb1 Rxb1 27.Kxb1 Nb7 28.Kc2 h5 29.Ne4 f5 30.gxf5+ gxf5
31.Rb3 fxe4 32.Rxb7 Rf8 33.dxe4 Rxf2 34.Kd2 Rf4 35.Ra7 Rxe4 36.Rxa5 Rh4 37.e3 dxe3+
38.Kxe3 Rxh3+ 39.Ke4 Rh4+ 40.Kd3 Rd4+ 41.Kc3 Rd8 42.Ra7 Rh8 43.Rg7 h4 44.Rg1 h3
45.a5 h2 46.Rh1 Kf5 47.Kb4 Kf4 48.a6 Kg3 49.a7 Kg2 50.Re1 h1=Q 51.Rxh1 Kxh1  0-1

[Event "16th Olomouc Open"]
[Site "Olomouc CZE"]
[Date "2013.08.06"]
[Round "7.13"]
[White "Ageichenko,G"]
[Black "Dvorak,M"]
[Result "1/2-1/2"]
[WhiteElo "2302"]
[BlackElo "2180"]

1.Nf3 d5 2.c4 c6 3.e3 Nf6 4.b3 Bf5 5.Bb2 e6 6.Be2 h6 7.O-O Be7 8.Nc3 O-O
9.a3 a5 10.Ne5 Nbd7 11.f4 Nxe5 12.fxe5 Nd7 13.cxd5 cxd5 14.Nxd5 Bg5 15.Rc1 Rc8
16.Nf4 Qb6 17.Bc4 Qa7 18.Bd4 Qb8 19.g4 b5 20.gxf5 bxc4 21.fxe6 Nxe5 22.exf7+ Rxf7
23.Ne6 Rxf1+ 24.Qxf1 cxb3 25.Nxg5 Rf8 26.Qa6 hxg5 27.Bxe5 Qxe5 28.Qc4+ Kh8
29.Qxb3 Qf5 30.Qd1 Qf2+ 31.Kh1 Qh4 32.Qe2 Qa4 33.Qd3 Qg4 34.Rf1 Rxf1+ 35.Qxf1 Qe4+
36.Kg1 Qg4+ 37.Kf2 Qf5+ 38.Ke2 Qb5+ 39.d3 Qb2+ 40.Kf3 Qxa3 41.Qh3+ Kg8 42.Qe6+ Kf8
43.d4 a4 44.Qf5+ Ke8 45.Qb5+ Kf8 46.Qb8+ Kf7 47.Qc7+ Ke8 48.Qc8+ Ke7 49.Qb7+ Ke8
50.Ke4 Qa2 51.Qb5+ Kf8 52.Qc5+ Ke8 53.Kd3 a3 54.Qc2 Qa1 55.Qb3 a2 56.Kc2 Qg1  1/2-1/2

[Event "16th Olomouc Open"]
[Site "Olomouc CZE"]
[Date "2013.08.06"]
[Round "7.19"]
[White "Mankeyev,Raua"]
[Black "Moshkov,Valery"]
[Result "1/2-1/2"]
[WhiteElo "2316"]
[BlackElo "2160"]

1.Nf3 d5 2.c4 c6 3.b3 Nf6 4.Bb2 Bf5 5.g3 e6 6.Bg2 h6 7.O-O Nbd7 8.d3 Be7
9.Nbd2 O-O 10.Qc2 a5 11.a3 Bh7 12.Rac1 Rc8 13.Qb1 b5 14.Qa1 Qb6 15.Rc2 a4
16.cxd5 cxd5 17.Rfc1 Rxc2 18.Rxc2 axb3 19.Nxb3 Ra8 20.Qc1 Ne8 21.Rc8 Qb7
22.Rxa8 Qxa8 23.Nfd4 Qb7 24.Na5 Qc7 25.Qxc7 Nxc7 26.Ndc6 Bf6 27.Bxf6 Nxf6
28.Nb3 Nfe8 29.f4 Nd6 30.Kf2 Kf8 31.Ke3 f6 32.Nc5 Bg6 33.Bh3 Be8 34.Nb4 Ke7
35.Kd2 d4 36.e3 dxe3+ 37.Kxe3 e5 38.Bg4 g5 39.Bh3 gxf4+ 40.gxf4 Kd8 41.fxe5 fxe5
42.Ne4 Ke7 43.Nc3 Kf6 44.Ne4+ Nxe4 45.Kxe4 Bg6+ 46.Ke3 Ke7 47.d4  1/2-1/2

[Event "2nd Washington Int"]
[Site "Rockville USA"]
[Date "2013.08.06"]
[Round "2.3"]
[White "Fridman,D"]
[Black "Mulyar,M"]
[Result "1/2-1/2"]
[WhiteElo "2634"]
[BlackElo "2389"]

1.Nf3 d5 2.c4 e6 3.g3 Nf6 4.Bg2 dxc4 5.Qa4+ Nbd7 6.Qxc4 a6 7.Qc2 c5 8.Nc3 Bd6
9.O-O O-O 10.d3 Rb8 11.Bg5 Qc7 12.Rac1 b6 13.d4 cxd4 14.Nxd4 Bb7 15.e4 Rbc8
16.Rfd1 h6 17.Bxf6 Nxf6 18.Qe2 Be5 19.Nf3 Bxc3 20.Rxc3 Qe7 21.Rxc8 Rxc8 22.Ne1 e5
23.Qe3 Qe6 24.b3 Ng4 25.Qe2 Nf6 26.f3 g6 27.Qe3 Kg7 28.Nd3 Rc2 29.Nb4 Rc7
30.Bf1 a5 31.Nd3 Rc2 32.Nc1 h5 33.Bd3 Rb2 34.Rd2 Rxd2 35.Qxd2 Qd6 36.Qc3 Nd7
37.Kf2 Nc5 38.a3 f6 39.b4 Nxd3+ 40.Qxd3 Qxd3 41.Nxd3 Ba6 42.Nb2 axb4 43.axb4 Bb5
44.Nd1 Kf7 45.Ne3 Bd3 46.Ke1 b5 47.Kd2 Bb1 48.h4 Ba2 49.Ke2 Be6 50.f4 Bc8
51.Kf3 Bb7 52.fxe5 fxe5 53.g4 Bc8  1/2-1/2

[Event "17th Godesberg Open"]
[Site "Bonn GER"]
[Date "2013.08.07"]
[Round "5.6"]
[White "Gikas,A"]
[Black "Mittmann,J"]
[Result "0-1"]
[WhiteElo "2187"]
[BlackElo "2054"]

1.Nf3 d5 2.c4 c6 3.d4 Nf6 4.Nc3 dxc4 5.e4 b5 6.e5 Nd5 7.a4 e6 8.axb5 Nxc3
9.bxc3 cxb5 10.Ng5 Bb7 11.Qh5 g6 12.Qg4 Be7 13.h4 h6 14.Ne4 Bd5 15.Be2 b4
16.h5 g5 17.O-O Nc6 18.Rd1 a5 19.Nd2 bxc3 20.Nxc4 Rc8 21.Be3 Bb4 22.Na3 Ne7
23.Bb5+ Bc6 24.Ba6 Ra8 25.Bc4 Nd5 26.Nc2 Rb8 27.Bc1 Qd7 28.Rf1 Bb5 29.Bxb5 Qxb5
30.f4 Qd3 31.fxg5 hxg5 32.Bxg5 Qh7 33.h6 Rg8 34.Qh5 Be7 35.Bxe7 Nxe7 36.Rxa5 Rg6
37.Qf3 Rxh6 38.Ra8 Rh1+ 39.Kf2 Qxc2+ 40.Kg3 Qg6+ 41.Kf2 Rxf1+ 42.Kxf1 Qb1+
43.Kf2 c2 44.Qa3 Kf8 45.Ra7 Qb4 46.Qxb4 Rxb4 47.Rc7 Rxd4 48.Rxc2 Re4  0-1

[Event "16th Olomouc Open"]
[Site "Olomouc CZE"]
[Date "2013.08.08"]
[Round "9.13"]
[White "Mankeyev,Raua"]
[Black "Volodin,V"]
[Result "1-0"]
[WhiteElo "2316"]
[BlackElo "2188"]

1.Nf3 d5 2.c4 e6 3.g3 dxc4 4.Qa4+ Nd7 5.Bg2 a6 6.Qxc4 b5 7.Qc2 Bb7 8.O-O Ngf6
9.d4 c5 10.dxc5 Bxc5 11.a3 Rc8 12.Nc3 Qb6 13.e3 O-O 14.b4 Be7 15.Bb2 Ne4
16.Rfd1 Nxc3 17.Bxc3 Bf6 18.Rxd7 Rxc3 19.Qd2 Rfc8 20.Nd4 Bxg2 21.Kxg2 g6
22.Ra2 R8c4 23.Nf3 g5 24.h3 h5 25.e4 g4 26.hxg4 hxg4 27.Ne5 Bxe5 28.Qg5+ Bg7
29.Rd8+ Kh7 30.Qh5+ Bh6 31.Qxf7+ Bg7 32.Qh5+ Bh6 33.Rd7+  1-0

[Event "Arad Open 2013"]
[Site "Arad ROU"]
[Date "2013.08.09"]
[Round "9.8"]
[White "Abramovic,B"]
[Black "Doros,R"]
[Result "0-1"]
[WhiteElo "2429"]
[BlackElo "2307"]

1.Nf3 d5 2.c4 c6 3.b3 Bf5 4.Bb2 e6 5.g3 Nf6 6.Bg2 h6 7.O-O Be7 8.d3 O-O 9.Nbd2 Nbd7
10.a3 Bh7 11.Qc2 Ne8 12.b4 a5 13.Bc3 Bf6 14.Qb2 Bxc3 15.Qxc3 Nd6 16.Nb3 dxc4
17.dxc4 Ne4 18.Qe3 axb4 19.axb4 Qb6 20.Nfd4 Nef6 21.Qc3 e5 22.Nf3 Ne4 23.Qe1 Rxa1
24.Nxa1 Ra8 25.Bh3 Ndf6 26.Nxe5 Qd4 27.Nd3 Qxc4 28.Ne5 Qd4 29.Nf3 Qb2 30.Qc1 Qxb4
31.Nc2 Qc4 32.Qb2 b5 33.Ne3 Qc3 34.Rb1 Qxb2 35.Rxb2 Ra1+ 36.Kg2 Nc3 37.Rd2 Ra8
38.Bf5 Bxf5 39.Nxf5 c5 40.Rd6 Nxe2 41.Rb6 b4 42.Ne5 Ra7 43.Nd6 Nd7 44.Nxd7 Rxd7
45.Ne4 Rc7 46.Kf3 Nd4+ 47.Ke3 f5 48.Nd6 Rc6 49.Rb8+ Kh7 50.Nc4 Re6+ 51.Kd3 Re2
52.Rc8 Rxf2 53.Rxc5 Ne6 54.Re5 Ng5 55.Rb5 Rxh2 56.Ne3 Ne4 57.Nxf5 Nxg3 58.Ne3 Rh3
59.Kd2 Ne4+ 60.Kd3 Nc3  0-1

[Event "TCh-ESP CECLUB Div2"]
[Site "Ciudad Real ESP"]
[Date "2013.08.09"]
[Round "4.2"]
[White "Perez Mauricio,X"]
[Black "Silva Rodriguez,F"]
[Result "1-0"]
[WhiteElo "2200"]
[BlackElo "2174"]

1.Nf3 d5 2.c4 d4 3.b4 c5 4.g3 Nf6 5.Bg2 cxb4 6.a3 b3 7.d3 Nc6 8.Nbd2 a5 9.Qxb3 e5
10.O-O Nd7 11.Qc2 a4 12.Re1 Be7 13.e3 O-O 14.exd4 exd4 15.Bb2 Nc5 16.Ne5 Na5
17.Ne4 Nab3 18.Rad1 Be6 19.f4 Rc8 20.Nxc5 Nxc5 21.Qf2 Qb6 22.f5 Bxf5 23.Qxf5 Qxb2
24.Bd5 g5 25.Nxf7 Rce8 26.Rxe7  1-0

[Event "22nd Kavala Open 2013"]
[Site "Kavala GRE"]
[Date "2013.08.09"]
[Round "5.3"]
[White "Batsiashvili,N"]
[Black "Mastrovasilis,D"]
[Result "1/2-1/2"]
[WhiteElo "2412"]
[BlackElo "2595"]

1.Nf3 d5 2.c4 c6 3.e3 Nf6 4.d4 Bf5 5.Nc3 a6 6.Qb3 b5 7.cxd5 cxd5 8.a4 b4
9.Nb1 Nc6 10.Bd3 Na5 11.Qd1 Qc8 12.O-O Bxd3 13.Qxd3 Qc4 14.Qd1 Qb3 15.Qe2 Qc4
16.Qd1 Qb3 17.Qe2 e6 18.Nbd2 Qc2 19.Ne1 Qc7 20.e4 Nxe4 21.Nxe4 Nb3 22.Rb1 Nxc1
23.Qe3 dxe4 24.Rxc1 Qb7 25.Qg3 Rd8 26.Nc2 f5 27.Qe5 Kf7 28.Ne3 Bd6 29.Qa5 Rhe8
30.Rc4 Kg8 31.Rfc1 Rc8 32.Rxc8 Rxc8 33.Rxc8+ Qxc8 34.g3 f4 35.gxf4 Bxf4 36.Nf1 b3
37.Qb6 Qc4 38.Qd8+ Kf7 39.Qd7+ Kf6 40.Qd8+ Kf7 41.Qd7+ Kf6 42.Qd8+ Kf7  1/2-1/2

[Event "2nd Washington Int"]
[Site "Rockville USA"]
[Date "2013.08.09"]
[Round "7.9"]
[White "Molner,M"]
[Black "Rohonyan,K"]
[Result "1-0"]
[WhiteElo "2506"]
[BlackElo "2299"]

1.Nf3 d5 2.c4 c6 3.g3 Nf6 4.Bg2 g6 5.b3 Bg7 6.Bb2 O-O 7.O-O Nbd7 8.d3 b6
9.Nbd2 Bb7 10.Qc2 e6 11.Rfe1 c5 12.e4 Rc8 13.e5 Ne8 14.Re2 Nc7 15.Rae1 Qe7
16.Nf1 Rfd8 17.Bc1 h6 18.h4 b5 19.N1h2 bxc4 20.bxc4 Nb6 21.Ng4 dxc4 22.dxc4 Qf8
23.h5 gxh5 24.Bxh6 Bxf3 25.Nf6+ Bxf6 26.Bxf8 Bxe2 27.exf6 Bd3 28.Qd2 Ne8
29.Qh6 Rd4 30.Re5 Bg6 31.Bg7 Nxg7 32.Qxg7+  1-0

[Event "22nd ZMDI Open 2013"]
[Site "Dresden GER"]
[Date "2013.08.10"]
[Round "1.30"]
[White "Neef,M"]
[Black "Kempen,W"]
[Result "1-0"]
[WhiteElo "2252"]
[BlackElo "2059"]

1.Nf3 d5 2.c4 e6 3.b3 Nf6 4.g3 Bd6 5.Bg2 Nbd7 6.O-O c6 7.d4 O-O 8.Qc2 Ne4
9.Rd1 f5 10.Ba3 Bxa3 11.Nxa3 f4 12.Nb1 g5 13.Rf1 g4 14.Nfd2 Ng5 15.Qc3 Qf6
16.gxf4 Qxf4 17.e3 Qf5 18.f4 gxf3 19.Nxf3 Ne4 20.Qe1 Qg4 21.Nbd2 Nxd2 22.Qxd2 Qh5
23.Rf2 Rf5 24.Raf1 Nf6 25.Ne5 Ng4 26.Nxg4 Qxg4 27.Rxf5 exf5 28.cxd5 cxd5
29.Rf3  1-0

[Event "3rd Riga Tech Uni Op"]
[Site "Riga LAT"]
[Date "2013.08.10"]
[Round "8.4"]
[White "Kovalenko,I"]
[Black "Solozhenkin,E"]
[Result "1-0"]
[WhiteElo "2646"]
[BlackElo "2476"]

1.Nf3 d5 2.c4 c6 3.e3 Nf6 4.Nc3 e6 5.b3 Nbd7 6.Bb2 Bd6 7.Qc2 Qe7 8.Be2 a6
9.d4 b6 10.O-O Bb7 11.Rad1 O-O 12.Rfe1 Rac8 13.e4 dxe4 14.Nxe4 Nxe4 15.Qxe4 Nf6
16.Qh4 Bb4 17.Rf1 Ba3 18.Ba1 c5 19.Bd3 h6 20.d5 exd5 21.cxd5 Rce8 22.d6 Qd8
23.d7 Re6 24.Bf5 Bxf3 25.gxf3 Rc6 26.Kh1 c4 27.Rg1  1-0

[Event "Geraardsbergen Open 2013"]
[Site "Geraardsbergen BEL"]
[Date "2013.08.11"]
[Round "3.5"]
[White "Sarrau,J"]
[Black "Daces,P"]
[Result "1-0"]
[WhiteElo "2305"]
[BlackElo "2009"]

1.Nf3 d5 2.c4 c6 3.g3 Nf6 4.Bg2 Bg4 5.Ne5 Be6 6.cxd5 Bxd5 7.Nf3 c5 8.Nc3 Bc6
9.O-O e6 10.d3 Be7 11.e4 O-O 12.Qe2 b5 13.a3 Qb6 14.Rd1 b4 15.axb4 cxb4 16.Be3 Qb7
17.Na4 Nbd7 18.Nd4 Bb5 19.Nxb5 Qxb5 20.Rd2 Rfc8 21.d4 a6 22.Qd1 e5 23.dxe5 Nxe5
24.Nb6 Nc4 25.Nxc4 Qxc4 26.e5 Ne8 27.Bxa8 Rxa8 28.Rd7  1-0

[Event "Stare Mesto Open 2013"]
[Site "Stare Mesto CZE"]
[Date "2013.08.11"]
[Round "3.4"]
[White "Vokac,M"]
[Black "Cherednichenko,E"]
[Result "1-0"]
[WhiteElo "2458"]
[BlackElo "2167"]

1.Nf3 d5 2.c4 e6 3.b3 Nf6 4.Bb2 Bd6 5.g3 O-O 6.Bg2 Nbd7 7.O-O c6 8.Nc3 Re8
9.Qc2 a6 10.d4 b5 11.e4 b4 12.Nxd5 exd5 13.e5 Bc7 14.exf6 Nxf6 15.Ne5 Bxe5
16.dxe5 Ng4 17.Rad1 Qg5 18.h3 Nh6 19.cxd5 Qh5 20.Qxc6 Bxh3 21.d6 Rad8 22.Bxh3 Qxh3
23.Rfe1 Ng4 24.Qg2 Qh5 25.Rd5 Re6 26.f3 Nf6 27.Rdd1 Nd7 28.f4 Qg4 29.Kf2 Rg6
30.Qf3 Qf5 31.Qd3 Qg4 32.Rc1 Nf8 33.Rh1 f6 34.Rh4 Qd7 35.Rc7 Qb5 36.Qxb5 axb5
37.f5 Rg5 38.g4 fxe5 39.Bc1 h6 40.Bxg5 hxg5 41.Rh5 Rxd6 42.Rxg5 Nd7 43.Rg6 Rd4
44.Ke3 Kf8 45.g5 Kf7 46.Re6 g6 47.Rxg6 Rd1 48.Rh6 Kg7 49.Re6 Kf8 50.f6 Rd5
51.g6  1-0

[Event "10th Malaysian Open"]
[Site "Kuala Lumpur MAS"]
[Date "2013.08.12"]
[Round "5.14"]
[White "Capel,E"]
[Black "Siddharth,R"]
[Result "1/2-1/2"]
[WhiteElo "2040"]
[BlackElo "2368"]

1.Nf3 d5 2.c4 c6 3.g3 Bg4 4.Bg2 Nf6 5.O-O e6 6.b3 Nbd7 7.d4 Bd6 8.Nbd2 O-O
9.Bb2 a5 10.h3 Bxf3 11.Bxf3 a4 12.e4 dxe4 13.Nxe4 Be7 14.Qc2 Qa5 15.Bc3 Bb4
16.Bxb4 Qxb4 17.Qc3 Qe7 18.Rfd1 Nxe4 19.Bxe4 f5 20.Bg2 f4 21.Re1 axb3 22.axb3 Rxa1
23.Rxa1 f3 24.Bxf3 Qf7 25.Bg2 Qxf2+ 26.Kh2  1/2-1/2

[Event "III Joao Pessoa IM 2013"]
[Site "Joao Pessoa BRA"]
[Date "2013.08.13"]
[Round "8.1"]
[White "Pingas,B"]
[Black "Cavalcanti,F"]
[Result "1/2-1/2"]
[WhiteElo "2259"]
[BlackElo "2289"]

1.Nf3 d5 2.c4 c6 3.cxd5 cxd5 4.d4 Nf6 5.Nc3 Nc6 6.Bf4 a6 7.e3 Bf5 8.Bd3 Bxd3
9.Qxd3 e6 10.a3 Bd6 11.Bxd6 Qxd6 12.O-O O-O 13.Rac1 Rfc8  1/2-1/2

[Event "3rd Split Open 2013"]
[Site "Split CRO"]
[Date "2013.08.13"]
[Round "4.13"]
[White "Jeran,B"]
[Black "Bontempi,P"]
[Result "0-1"]
[WhiteElo "2226"]
[BlackElo "2376"]

1.Nf3 d5 2.c4 d4 3.b4 Nf6 4.Bb2 c5 5.g3 Nc6 6.bxc5 e5 7.Bg2 Bxc5 8.d3 O-O
9.O-O Bf5 10.Ba3 Nd7 11.Nfd2 Bxa3 12.Nxa3 Nc5 13.Rb1 Qe7 14.Qc1 Na4 15.Re1 Rab8
16.Nc2 Nc3 17.Rb2 Qd7 18.Nb1 Na4 19.Rb5 Qc7 20.Qa3 a6 21.Rb3 b5 22.Rc1 Na5
23.Rb4 Rfc8 24.Na1 Qc5 25.h4 Bd7 26.Kh2 bxc4 27.Rxa4 Bxa4 28.Qxa4 Qb4 29.Qxb4 Rxb4
30.dxc4 Rbxc4 31.Rxc4 Rxc4 32.Be4 Rb4 33.Kg2 Rb2 34.Kf3 Rxa2 35.Nc2 Nc4 36.Bd3 Nd6
37.Nba3 a5 38.e3 f5 39.e4 Rb2 40.exf5 Rb3  0-1

[Event "22nd ZMDI Open 2013"]
[Site "Dresden GER"]
[Date "2013.08.14"]
[Round "5.20"]
[White "Andre,G"]
[Black "Grohde,W"]
[Result "1-0"]
[WhiteElo "2333"]
[BlackElo "2141"]

1.Nf3 d5 2.c4 e6 3.d4 c6 4.e3 f5 5.Bd3 Nf6 6.O-O Bd6 7.b3 O-O 8.Ba3 Bxa3
9.Nxa3 Qe7 10.Qc1 a6 11.Ne5 Nbd7 12.f4 Ne4 13.Nb1 Nxe5 14.fxe5 Bd7 15.Bxe4 fxe4
16.Rxf8+ Rxf8 17.Nc3 Be8 18.Qd2 b5 19.Ne2 Qf7 20.Ng3 bxc4 21.bxc4 Qb7 22.Qc2 Qb6
23.c5 Qd8 24.Qd2 Qb8 25.Qc2 Rf7 26.Rb1 Rb7 27.Rb3 Rb5 28.Ne2 Qd8 29.a4 Qa5
30.Nc3 Rb4 31.Qb2 Rc4 32.h3 h6 33.Qd2 Kh7 34.Qb2 Bg6 35.Kh2 Bh5 36.Qd2 Bg6
37.Qe1 Rxa4 38.Rb7 Ra1 39.Qh4 Rf1 40.Ne2 Qa1 41.Ng3 Qe1 42.Qg4 Rf7 43.Rb8 Qxe3
44.Qxe6 h5 45.Qe8 Kh6 46.Qxf7 Bxf7 47.Nf5+  1-0

[Event "SS Manhem IM 2013"]
[Site "Gothenburg SWE"]
[Date "2013.08.14"]
[Round "6.2"]
[White "Carstensen,J"]
[Black "Rydstrom,Tom"]
[Result "1/2-1/2"]
[WhiteElo "2379"]
[BlackElo "2185"]

1.Nf3 d5 2.c4 c6 3.d4 Nf6 4.Nc3 e6 5.g3 dxc4 6.Bg2 Nbd7 7.a4 Bb4 8.O-O Nd5
9.Qc2 Qa5 10.Na2 b5 11.e4 N5b6 12.Nxb4 Qxb4 13.a5 Na4 14.d5 cxd5 15.exd5 Bb7
16.dxe6 fxe6 17.a6  1/2-1/2

[Event "28th Metropolitan GM"]
[Site "Los Angeles USA"]
[Date "2013.08.14"]
[Round "3"]
[White "Amanov,Z"]
[Black "Shen,V"]
[Result "0-1"]
[WhiteElo "2361"]
[BlackElo "2415"]

1.Nf3 d5 2.c4 d4 3.e3 Nc6 4.b4 dxe3 5.fxe3 Nxb4 6.Qa4+ Nc6 7.d4 Bd7 8.Qb3 Nf6
9.Ba3 g6 10.Nc3 Bh6 11.e4 O-O 12.e5 Ng4 13.Nd5 e6 14.Bxf8 Qxf8 15.h3 exd5
16.hxg4 Bxg4 17.cxd5 Bxf3 18.dxc6 Bxc6 19.Bc4 Bxg2 20.Rh2 Be4 21.Ke2 Bf4
22.Rh4 g5 23.Rg1 Kh8 24.Rh5 Bg6 25.Rh3 Rd8 26.Bd3 Rxd4 27.Bxg6 fxg6 28.Rgh1 h5
29.Qe6 Re4+ 30.Kd3 Rxe5 31.Qxg6 Qa3+  0-1

[Event "21st Poznan Open"]
[Site "Poznan POL"]
[Date "2013.08.14"]
[Round "9.6"]
[White "Weglarz,L"]
[Black "Walkusz,W"]
[Result "1/2-1/2"]
[WhiteElo "2213"]
[BlackElo "2151"]

1.Nf3 d5 2.c4 dxc4 3.Qa4+ c6 4.Qxc4 Be6 5.Qc2 g6 6.g3 Bg7 7.Bg2 Nf6 8.O-O O-O
9.d3 Na6 10.Bd2 Nd5 11.Nc3 Nab4 12.Qc1 Re8 13.a3 Nxc3 14.bxc3 Na6 15.Rb1 Nc5
16.Be3 Na4 17.Bd4 Nb6 18.Bxg7 Kxg7 19.Rb4 h6 20.Rh4 Rh8 21.Nd4 Bd7 22.f4 c5
23.Nf3 f6 24.g4 Qc7 25.g5 hxg5 26.fxg5 Rxh4 27.gxf6+ exf6 28.Nxh4 Rh8 29.Nf3 Bg4
30.Rf2 Nd5 31.e3 c4 32.d4 Qe7 33.Ne5 Nxe3 34.Qxe3 fxe5 35.dxe5 b6 36.Qg3 Bh5
37.Bd5 Rf8 38.Rxf8 Qxf8 39.Qf2 Qxa3 40.Qf6+ Kh6 41.Qh8+ Kg5 42.Qf6+ Kh6 43.Qh8+ Kg5
44.Qf6+ Kh6  1/2-1/2

[Event "12th Lichtenberger Sommer"]
[Site "Berlin GER"]
[Date "2013.08.18"]
[Round "2.41"]
[White "Pueschel,W"]
[Black "Bruening,W"]
[Result "1-0"]
[WhiteElo "2106"]
[BlackElo "1962"]

1.Nf3 d5 2.c4 c6 3.e3 g6 4.Be2 Bg7 5.Qc2 e5 6.d3 Ne7 7.O-O O-O 8.Nc3 Nd7
9.Bd2 f5 10.cxd5 cxd5 11.Nb5 Rf6 12.Qc7 Qxc7 13.Nxc7 Rb8 14.Rac1 Rc6 15.Bb4 Rxc7
16.Rxc7 Nc6 17.Bd6 Ra8 18.d4 Bf6 19.Rc1 Bd8 20.R7xc6 bxc6 21.Rxc6 Bb7 22.Rc1 e4
23.Nd2 Kf7 24.g3 Ke6 25.Ba3 Rc8 26.Rxc8 Bxc8 27.h4 h6 28.Kf1 g5 29.hxg5 hxg5
30.Nb3 Bc7 31.Nc5+ Nxc5 32.Bxc5 a6 33.Ke1 Kf6 34.a4 a5 35.b4 Ke6 36.Kd2 axb4
37.Bxb4 Bb7 38.Bb5 f4 39.gxf4 gxf4 40.a5 f3 41.a6 Ba8 42.Kc2 Bb8 43.Kb3 Bc7
44.Ka4 Bd8 45.Be8 Bh4 46.Be1 Ke7 47.Bh5 Kd7 48.Kb5 Bd8 49.Bg4+ Ke8 50.Bc8  1-0

[Event "22nd ZMDI Open 2013"]
[Site "Dresden GER"]
[Date "2013.08.18"]
[Round "9.48"]
[White "Schulz,Marcel"]
[Black "Salewski,B"]
[Result "0-1"]
[WhiteElo "2046"]
[BlackElo "2020"]

1.Nf3 d5 2.c4 c6 3.e3 Nf6 4.Nc3 e6 5.cxd5 exd5 6.d4 Bf5 7.Bd3 Bxd3 8.Qxd3 Nbd7
9.Bd2 Bd6 10.Ne2 Ne4 11.Ng3 Nxd2 12.Nxd2 g6 13.Ne2 Qg5 14.Kf1 f5 15.f4 Qe7
16.Nf3 Nf6 17.Ne5 Ne4 18.Nc3 Qh4 19.Nxe4 fxe4 20.Qb3 Qe7 21.Ke2 O-O 22.g3 Kg7
23.Rac1 Rac8 24.a3 h5 25.h3 Rc7 26.Qa4 a6 27.b4 Qe6 28.Qa5 Rfc8 29.Qb6 Qe7
30.Rc2 Bxe5 31.dxe5 c5 32.Qd6 Qe8 33.Qxd5 Qb5+ 34.Kf2 cxb4 35.Rxc7+ Rxc7
36.Qxe4 b3 37.Kf3 b2 38.e6 Rc1 39.e7 b1=Q 40.e8=Q Qxe4+ 41.Qxe4 Rxh1 42.Qe7+ Kg8
43.Qe6+ Kf8 44.Qf6+ Ke8 45.Qxg6+ Kd8 46.Qf6+ Kc8 47.Qf8+ Kc7 48.Qe7+ Qd7
49.Qe5+ Kb6 50.Qb2+ Qb5 51.Qd4+ Ka5 52.Qc3+ Ka4 53.Ke4 Rb1 54.f5 Rb3 55.Qd4+ Kxa3
56.Qa1+ Kb4 57.Qd4+ Ka5 58.Qd8+ Ka4 59.Kf4 Qc5 60.Qe8+ b5 61.Qe6 a5 62.f6 Rb4+
63.Kf3 Qc4 64.Qxc4 bxc4 65.e4 c3  0-1

[Event "ch-FRA w 2013"]
[Site "Nancy FRA"]
[Date "2013.08.18"]
[Round "7.3"]
[White "Collas,S"]
[Black "Martsynovskaya,M"]
[Result "1-0"]
[WhiteElo "2286"]
[BlackElo "2156"]

1.Nf3 d5 2.c4 dxc4 3.e3 Nf6 4.Bxc4 c5 5.O-O e6 6.Qe2 a6 7.Rd1 Be7 8.Bb3 O-O
9.d4 cxd4 10.Nxd4 Qc7 11.e4 Nc6 12.Nxc6 Qxc6 13.Nc3 b5 14.Bg5 b4 15.Bxf6 gxf6
16.Nd5 Qb7 17.Nxe7+ Qxe7 18.Rd3 e5 19.Rad1 a5 20.Qh5 Ra7 21.Qh6 Kh8 22.Rg3 Rg8
23.Rxg8+ Kxg8 24.Rd3  1-0

[Event "3rd Budapest Open"]
[Site "Budapest HUN"]
[Date "2013.08.19"]
[Round "3.5"]
[White "Toth,Sar"]
[Black "Zentai,P2"]
[Result "1/2-1/2"]
[WhiteElo "2138"]
[BlackElo "2234"]

1.Nf3 d5 2.c4 c6 3.b3 Nf6 4.g3 Bg4 5.d4 e6 6.Bg2 Nbd7 7.O-O Bd6 8.Bb2 O-O
9.Nbd2 Re8 10.Ne5 Bh5 11.Ndf3 Qe7 12.Qc2 Rac8 13.c5 Bxe5 14.Nxe5 Nxe5 15.dxe5 Nd7
16.b4 b6 17.Bd4 bxc5 18.bxc5 Rb8 19.Rab1 Rec8 20.e4 Qd8 21.Qa4 Be2 22.Rfe1 Bb5
23.Qa3 Qc7 24.f4 Bc4 25.exd5 exd5 26.Bf1 Bxf1 27.Rxf1 h6 28.Rfc1 Rxb1 29.Rxb1 Rb8  1/2-1/2

[Event "4th Royal Residence Cup"]
[Site "Zhovkva UKR"]
[Date "2013.08.20"]
[Round "7.4"]
[White "Kigel,D"]
[Black "Doluhanova,E"]
[Result "1/2-1/2"]
[WhiteElo "2339"]
[BlackElo "2296"]

1.Nf3 d5 2.c4 e6 3.g3 Nf6 4.Bg2 c6 5.Qc2 Nbd7 6.d4 Bd6 7.O-O O-O 8.Rd1 Qe7
9.Nbd2 e5 10.cxd5 cxd5 11.dxe5 Nxe5 12.Nxe5 Bxe5 13.Nf3 Bd6 14.Nd4 Be6 15.b3 Rac8
16.Qd3 Ba3 17.Nb5 Bxc1 18.Raxc1 a6 19.Nd4 Qa3 20.Rxc8 Rxc8 21.Nxe6 fxe6 22.e4 dxe4
23.Bxe4 Nxe4 24.Qxe4 Qe7 25.Qe5 Qf7 26.Rd6 Re8 27.Qd4 e5 28.Qd2 h6 29.Rd7 Re7
30.Rd8+ Kh7 31.Qd5 Qxd5 32.Rxd5 Kg6 33.Kf1 Kf5 34.Rc5 Kg4 35.Kg2 g5 36.Rc8 Kf5
37.Rf8+ Ke4 38.Rf6 Rh7 39.Rd6 g4 40.h3 gxh3+ 41.Kxh3 h5 42.Kg2  1/2-1/2

[Event "Brasschaat Open 2013"]
[Site "Brasschaat BEL"]
[Date "2013.08.21"]
[Round "5.8"]
[White "Hamblok,R"]
[Black "Boucquet,Emile"]
[Result "1/2-1/2"]
[WhiteElo "2304"]
[BlackElo "2055"]

1.Nf3 d5 2.c4 e6 3.g3 Nf6 4.Bg2 Be7 5.O-O O-O 6.b3 c5 7.Bb2 b6 8.e3 Bb7 9.Nc3 Nc6
10.cxd5 Nxd5 11.Nxd5 Qxd5 12.d4 Rad8 13.Ne5 Qd6 14.dxc5 Qxc5 15.Nd7 Qf5 16.e4 Qg5
17.h4 Qh6 18.Bc1 g5 19.hxg5 Qg7 20.Nf6+  1/2-1/2